Eğitim ışığı (Record no. 6383)

MARC details
000 -BAŞLIK
Sabit Uzunlukta Kontrol Alanı 00590na a2200229 4500
001 - KONTROL NUMARASI
Denetim Alanı 19352
003 - KONTROL NUMARASI IDENTIFIER
Denetim Alanı MIRAKIL
005 - SON İŞLEM TARİHİ VE ZAMANI
Denetim Alanı 20181213155106.0
008 - SABİT-BOY VERİ ELEMANLARI - GENEL BİLGİLER
Sabit Uzunlukta Kontrol Alanı 161213b tu 000 0
020 ## - ULUSLARARASI STANDART KİTAP NUMARASI
Uluslararası Standart Kitap Numarası 9757711195
040 ## - KATALOGLAMA KAYNAK
Orijinal Kataloglama Ajansı Milas
Kataloglama Dili tur
Metne Dönüştürmek Ajansı TR-AnCHP
041 ## - DİL KODU
Metin / Ses Parça Veya Ayrı Başlığın Dil Kodu tur
082 ## - DEWEY ONLU SINIFLANDIRMA NUMARASI
Sınıflandırma Numarası 370.1
Ürün Numarası G29e 1993
090 ## - SINIFLAMA NUMARASI
Sınıflama Numarası 370.1 G29e 1993
100 ## - ANA GİRİŞ - KİŞİSEL İSİM
Kişisel Ad Mustafa Gazalcı
245 ## - BAŞLIK TABLOSU
Başlık Eğitim ışığı
Sorumluluk Tablosu, Vb Mustafa Gazalcı
260 ## - YAYIN, DAĞITIM, VB
Yayın, Dağıtım, Vb Yeri Ankara
Yayıncı, Dağıtıcı, Vs Adı Selvi Yayınları
Yayın, Dağıtım, Vb Tarihi 1993
300 ## - FİZİKSEL TANIM
Kapsam 328 s.
Boyutlar 27 sm.
490 ## - SERİSİ TABLOSU
Seri Beyanı Selvi yayınları
Hacim / Ardışık Tanımı 18
650 ## - KONU KATMA GİRİŞ - TOPİKAL DÖNEM
Topikal Süreli Veya Coğrafi Ad Giriş Elemanı Eğitim
Genel Alt Bölümü Genel bakış
942 ## - EKLENDİ GİRİŞ ELEMANLARI (KOHA)
Sınıflandırma Veya Raf Düzeni Kaynak Dewey Decimal Classification
Koha Öğesi Türü Books
999 ## - SİSTEM KONTROL NUMARALARI (KOHA)
Koha Biblionumber 6383
Koha Biblioitemnumber 6383
Holdings
Kalıcı Konum Mevcut Konum Edinme Tarihi Edinim Kaynak Toplam Check-Out'Lar Tam Çağrı Numarası Barkod Tarih Son Görülme İtibaren Geçerli Fiyatlar Koha Öğesi Türü
CHP Kütüphanesi CHP Kütüphanesi 12/13/2016 Bağış   370.1 G29e 1993 010270 12/13/2016 12/13/2016 Books